000 00583nam a2200241 a 4500
001 nice12345678
003 IN_TiNIC
005 20260116012659.0
008 050524s1982 dela grp 000 0 eng
020 _a
_c12
082 0 0 _a297.52
_bZAK
100 _aZakariyya, Muhammad
245 _aVirtues of Darud
260 _aDelhi
_bIslamic Book Service
_c1982
300 _a190p
500 _aincludes index and biblioraphy
505 2 _aIndex, Bibliography
650 _aIslam-Prayers
700 1 _aZakariyya, Muhammad
902 _bSRS
942 _cBK
999 _c7925
_d7925